| 000 | 00799nam a2200253Ia 4500 | ||
|---|---|---|---|
| 003 | OSt | ||
| 005 | 20220930064526.0 | ||
| 006 | a|||||r|||| 00| 0 | ||
| 007 | ta | ||
| 008 | 220926b |||||||| |||| 00| 0 eng d | ||
| 024 | _a4348 | ||
| 037 | _cTheses | ||
| 040 |
_aCRL _cCRL _beng |
||
| 041 |
_2eng _aeng |
||
| 100 |
_aJoseph M Sebastian _9524587 |
||
| 110 | _aUniversity of Delhi. Faculty of Medical Sciences. Department of Medicine | ||
| 245 | 0 | _aStudy of cerebrovascular accidints in young subjects | |
| 260 | _c1979 | ||
| 650 | _aMEDICINE | ||
| 700 |
_a Dr Narendra Bihari Supervisor _9520747 |
||
| 700 | _aUniversity of Delhi. Faculty of Medical Sciences. Department of Medicine | ||
| 942 |
_cDIS _2CC |
||
| 999 |
_c858316 _d858316 |
||